000 00667nam a2200217Ia 4500
003 GCL
008 140319s9999 xx 000 0 ara d
040 _aGCL /
_cGCL
082 0 4 _a810.800962
_bن ك
100 1 _aنعمات احمد فؤاد
245 1 0 _a"كتبت يوما"" فى الادب, النقد, الفكر, الفن" /
_cنعمات احمد فؤاد
260 _a[S.N] :
_bالهيئة المصرية العامة للكتاب ،
_c1988
300 _a383 ص
490 _a
650 0 4 _aالادب العربى
650 0 4 _aالنقد
650 0 4 _aمصر
650 0 4 _aتاريخ ونقد
650 0 4 _aالمجموعات
942 _2ddc
_cBK
999 _c27519
_d27519